000 00646nam a22002177a 4500
003 UA-OsUOA
001 61845
007 ta
008 20090716b un ||||| |||| 00| 0 ukr d
100 _aКарапетян О.
090 _a330(477)
_bК21
942 _cSA
040 _aUA-OsUOA
_bukr
_cUA-OsUOA
_dUA-OsUOA
245 _aУправління позиками міжнародних фінансових організацій
300 _aС.80-90
955 _a0
041 _aukr
080 _a330(477)
773 0 _w61840
_tСвіт фінансів
_dТернопіль
_d2009
_g1
650 7 _a330 Економіка взагалі
_2UDC
999 _c347685
_d347685